Irish Sea General Knowledge - Statistics

General Stats
  • This quiz has been taken 70 times
  • The average score is 11 of 16
Answer Stats
Hint Answer % Correct
Bordering countries* Scotland
98%
Bordering countries* Wales
98%
Bordering countries* England
96%
Bordering countries* Ireland
95%
Which Crown Dependency can be found in the Irish Sea? Isle of Man
95%
Cities with 100k+ inhabitants Dublin
93%
Bordering countries* Northern Ireland
91%
Cities with 100k+ inhabitants Belfast
77%
Cities with 100k+ inhabitants Liverpool
75%
Bordering sea to the south Celtic Sea
67%
What is the largest island in the Irish Sea? Anglesey
54%
What is the longest river that flows into the Irish Sea? Liffey
47%
Large bay of the Irish Sea that shares its name with a type of knitted sweater Cardigan Bay
39%
Cities with 100k+ inhabitants Blackpool
28%
What alternative name is the Irish Sea sometimes called? Manx Sea
7%
Has been described as 'the most ________ sea in the world' Radioactive
7%
No matching quizzes found
Score Distribution
Percent of People with Each Score
Percentile by Number Answered
Your Score History
You have not taken this quiz